| 000 | 02315nam0a2200397 4500 | ||
|---|---|---|---|
| 001 | RU\NLR\bibl\1421221 | ||
| 005 | 20260405185820.0 | ||
| 010 |
_a978-5-9506-0422-5 _9100 |
||
| 021 |
_aRU _b2009-61010 _93761 |
||
| 035 | _a(nilc)RSL-KNO-004362939 | ||
| 035 | _a(NLR Aleph) 001413169 | ||
| 090 |
_a1295456 _c1295456 |
||
| 100 | _a20090717d2009 |||y0rusy50 ca | ||
| 101 | 0 | _arus | |
| 102 | _aRU | ||
| 105 | _aa ||||||||| | ||
| 200 | 1 |
_aУправление криминальными рисками во внешнеэкономической деятельности _eучебное пособие для студентов специальности "Мировая экономика" _fЭ. Ю. Михайлова, В. С. Якушкин _gМ-во образования и науки Российской Федерации, Гос. образовательное учреждение высш. проф. образования "Гос. ун-т упр." |
|
| 210 |
_aМосква _cЭкон-Информ _d2009 |
||
| 215 |
_a131 с. _cил. _d21 |
||
| 300 | _aВ вып. дан. 1-й авт.: Михайлова Э.В. | ||
| 320 | _aБиблиогр.: с. 121-124 | ||
| 606 | 1 |
_aПреступления в сфере экономики _jУчебные издания для высших учебных заведений _xБорьба с ними _xМеждународно-правовые вопросы _92475241 _3RU\NLR\auth\661469789 |
|
| 606 | 1 |
_aПреступления в сфере экономики _jУчебные издания для высших учебных заведений _xБорьба с ними _yРоссийская Федерация _92141379 _3RU\NLR\auth\661290616 |
|
| 610 | 0 | _aвнешнеэкономическая деятельность | |
| 610 | 0 | _aкриминальные риски | |
| 686 |
_aХ628.322.12я73-1 _2rubbk |
||
| 686 | _aХ916.8я73 | ||
| 686 | _aХ628.322.17я73 | ||
| 700 | 1 |
_4070 _7ca _8rus _aМихайлова _bЭ. Ю. _cэкономист _gЭллина Юрьевна _964991 _3RU\NLR\auth\7782063 |
|
| 701 | 1 |
_aЯкушкин _bВ. С. _gВиктор Сергеевич _4070 |
|
| 801 | 0 |
_aRU _bРКП _c20090717 _grcr |
|
| 801 | 1 |
_aRU _bРГБ _c20090717 |
|
| 801 | 2 |
_aRU _bNLR _c20091008 _grcr |
|
| 942 | _cBOOK | ||
| 980 | _aNB | ||